Państwa w języku koreańskim - Statystyki

Ogólne statystyki
  • Ten quiz został rozwiązany 34 razy
  • Średni wynik to 18 z 20
Statystyki odpowiedzi
Koreański Polski % Poprawnych
이라크 Irak
96%
리비아 Libia
96%
네팔 Nepal
96%
오만 Oman
96%
알바니아 Albania
93%
도미니카 Dominika
93%
에스토니아 Estonia
93%
예멘 Jemen
93%
멕시코 Meksyk
93%
폴란드 Polska
93%
루마니아 Rumunia
93%
싱가포르 Singapur
93%
캐나다 Kanada
89%
카타르 Katar
89%
러시아 Rosja
89%
가나 Ghana
85%
몰타 Malta
85%
체코 Czechy
81%
탄자니아 Tanzania
81%
말리 Mali
74%
Nie znaleziono quizów pasujących do podanych kryteriów
Rozkład punktacji
Procent ludzi z każdym wynikiem
Percentyl według liczby udzielonych odpowiedzi
Twoja historia wyników
Nie rozwiązałeś tego quizu